Statistiques concernant Sous-préfectures françaises les plus peuplées

Cliquez ici pour prendre le quiz!

Statistiques générales

  • Ce quiz a été pris 179 fois
    (126 depuis la dernière actualisation)
  • Le résultat moyen est 12 sur 19

Statistiques - réponses

Population (2015)Sous-préfecture% Correct
172,000Le Havre
84%
142,000Aix-en-Provence
83%
110,000Mulhouse
81%
139,000Brest
79%
184,000Reims
79%
117,000Boulogne-Billancourt
78%
88,000Dunkerque
78%
111,000Saint-Denis
77%
75,000Calais
75%
110,000Argenteuil
70%
75,000Béziers
67%
69,000Saint-Nazaire
65%
57,000Lorient
64%
80,000Cherbourg-en-Cotentin
49%
105,000Saint-Paul (La Réunion)
49%
84,000Saint-Pierre (La Réunion)
47%
61,000Antony
46%
55,000Saint-Quentin
42%
57,000Sarcelles
36%

Distribution des résultats

Percentile par nombre de réponses

% des personnes avec chaque résultat

Votre développement - résultats

Vous n’avez pas pris ce quiz depuis la dernière actualisation